Religion Quiz

Random Religion or Letter Quiz

Four-Letter Bible Books Quiz Stats

 Plays Quiz Updated Oct 21, 2012

Challenge
Share
Tweet
Embed
Score 0/9 Timer 02:00
6 Plays Today
Book % Correct
John (1 John 2 John & 3 John)
95%
Luke
92.5%
Mark
91.1%
Ruth
82.5%
Acts
78.9%
Jude
58.1%
Ezra
55.5%
Amos
54.8%
Joel
43.4%

You're not logged in!

Compare scores with friends on all Sporcle quizzes.
Join for Free
OR
Log In

You Might Also Like...

Show Comments

Extras

Top Quizzes Today


Score Distribution

Your Account Isn't Verified!

In order to create a playlist on Sporcle, you need to verify the email address you used during registration. Go to your Sporcle Settings to finish the process.

Report this User

Report this user for behavior that violates our Community Guidelines.

Details: